00362nam a2200145Ia 450000500170000000800410001702000150005808200140007310000160008724500250010326000300012830000160015865000230017465000190019720240605062155.0240331s9999 xx 000 0 und d a0813313104 bPETa1894 aPeterson, S 0aGlobal gender issues aUSAbWestview Pressc1993 axiv,202 p., aWomen in Politics  aWorld Politics